[Event "2. Bundesliga West 2004/2005"]
[Site "Schwaz"]
[Date "2004.10.16"]
[Round "1.6"]
[White "Bezold, Michael"]
[Black "Hugentobler, Patrik"]
[Result "1-0"]
[WhiteElo "2532"]
[BlackElo "2237"]
[PlyCount "109"]
[EventDate "2004.10.16"]

1. c4 e5 2. g3 Nf6 3. Bg2 d5 4. cxd5 Nxd5 5. Nf3 Nc6 6. O-O Be7 7. d4 exd4 8.
Nxd4 Nxd4 9. Qxd4 Nf6 10. Qa4+ c6 11. Rd1 Qb6 12. Na3 O-O 13. Qc2 Qc5 14. h3
Be6 15. e4 Qxc2 16. Nxc2 Rfd8 17. Rxd8+ Rxd8 18. Be3 c5 19. Na3 a6 20. Rc1 Bxa2
21. Bxc5 Rc8 22. Be3 Rxc1+ 23. Bxc1 b5 24. Bd2 Bb3 25. Ba5 Nd7 26. Nb1 Ne5 27.
Nd2 Ba2 28. Bc3 Nd3 29. Bf1 Nc5 30. f4 Nb3 31. Nxb3 Bxb3 32. Bd4 Bc4 33. Bxc4
bxc4 34. Kf2 a5 35. Ke3 a4 36. e5 a3 37. bxa3 Bxa3 38. Bc3 h5 39. Kd4 Bc1 40.
f5 Kf8 41. Kxc4 Be3 42. Be1 Ke7 43. Kd5 g6 44. Bb4+ Ke8 45. fxg6 fxg6 46. Ke6
Bf2 47. g4 hxg4 48. hxg4 Bh4 49. Bd2 Be7 50. Bh6 Bd8 51. Bg7 Bg5 52. Bh8 Be7
53. Bf6 Bf8 54. Bg5 Bg7 55. Bf4 1-0

[Event "2. Bundesliga West 2004/2005"]
[Site "Schwaz"]
[Date "2004.10.16"]
[Round "1.6"]
[White "Doskocil, Klaus"]
[Black "Gaertner, Guntram"]
[Result "1/2-1/2"]
[WhiteElo "2219"]
[BlackElo "2336"]
[PlyCount "42"]
[EventDate "2004.10.16"]

1. e4 c6 2. d4 d5 3. exd5 cxd5 4. Bd3 Nc6 5. c3 g6 6. Bf4 Nh6 7. Qd2 Bf5 8. Bb5
Ng4 9. Nf3 Qb6 10. Na3 Bg7 11. O-O O-O 12. Nh4 Be6 13. Rae1 Rac8 14. Bd3 Na5
15. Re2 Rfe8 16. h3 Nf6 17. Bh6 Ne4 18. Bxe4 dxe4 19. Bxg7 Kxg7 20. Rxe4 Nc4
21. Nxc4 Bxc4 1/2-1/2

[Event "2. Bundesliga West 2004/2005"]
[Site "Schwaz"]
[Date "2004.10.16"]
[Round "1.6"]
[White "Grabher, Heinz"]
[Black "Bezler, Rainer"]
[Result "1/2-1/2"]
[WhiteElo "2271"]
[BlackElo "2242"]
[PlyCount "33"]
[EventDate "2004.10.16"]

1. e4 e5 2. Nf3 Nc6 3. Nc3 d6 4. Bb5 Bd7 5. d4 Nxd4 6. Nxd4 exd4 7. Qxd4 Nf6 8.
Bf4 Be7 9. O-O-O O-O 10. Rhe1 Bxb5 11. Nxb5 Qd7 12. Nc3 Qc6 13. Rd3 Rfe8 14.
Bg5 Qb6 15. e5 Qxd4 16. Rxd4 dxe5 17. Rxe5 1/2-1/2

[Event "2. Bundesliga West 2004/2005"]
[Site "Schwaz"]
[Date "2004.10.16"]
[Round "1.6"]
[White "Sucher, Johannes"]
[Black "Feistenauer, Fred"]
[Result "1/2-1/2"]
[WhiteElo "2178"]
[BlackElo "2284"]
[PlyCount "40"]
[EventDate "2004.10.16"]

1. d4 e6 2. Bf4 Nf6 3. e3 b6 4. Nf3 Bb7 5. Bd3 Be7 6. c4 O-O 7. Nc3 d5 8. cxd5
exd5 9. Rc1 c5 10. O-O Nc6 11. dxc5 bxc5 12. Bb1 Qd7 13. Qa4 Rfd8 14. Rfd1 d4
15. exd4 Nxd4 16. Nxd4 cxd4 17. Qxd7 Rxd7 18. Nb5 a6 19. Nc7 Rad8 20. Bf5 Bd6
1/2-1/2

[Event "2. Bundesliga West 2004/2005"]
[Site "Schwaz"]
[Date "2004.10.16"]
[Round "1.6"]
[White "Atlas, Dmitry"]
[Black "Mrsic, Robert"]
[Result "1-0"]
[WhiteElo "2286"]
[BlackElo "2072"]
[PlyCount "91"]
[EventDate "2004.10.16"]

1. e4 e6 2. d4 d5 3. exd5 exd5 4. Nf3 Nf6 5. c4 Bd6 6. Nc3 c6 7. Bd3 O-O 8. O-O
dxc4 9. Bxc4 Nbd7 10. Bg5 Nb6 11. Bb3 h6 12. Bh4 Bg4 13. h3 Bf5 14. Ne5 Bxe5
15. dxe5 Qxd1 16. Raxd1 Nfd7 17. f4 h5 18. Ne2 Be6 19. Bxe6 fxe6 20. Rd6 Rfd8
21. Ng3 Nf8 22. Nxh5 Nc4 23. Rd3 Ng6 24. Bg5 Nb6 25. Ng3 Nd5 26. Ne4 b6 27. g3
Nf8 28. Rc1 c5 29. a3 Ng6 30. Nc3 Nge7 31. Rcd1 Nxc3 32. bxc3 c4 33. Rd7 Nd5
34. Rc1 Rf8 35. Kf2 Rf7 36. Rd6 Re8 37. Bd8 Kh7 38. Kf3 Rff8 39. Bg5 Kg6 40.
Ke4 Rh8 41. h4 Rhf8 42. g4 Kh7 43. Rd7 Kg8 44. f5 b5 45. fxe6 Nb6 46. Rd6 1-0

[Event "2. Bundesliga West 2004/2005"]
[Site "Schwaz"]
[Date "2004.10.17"]
[Round "2.1"]
[White "Sandner, Gunter"]
[Black "Braun, Arik"]
[Result "1/2-1/2"]
[WhiteElo "2327"]
[BlackElo "2473"]
[PlyCount "126"]
[EventDate "2004.10.16"]

1. Nf3 d5 2. d4 Nf6 3. c4 c6 4. Nc3 a6 5. a4 e6 6. g3 Bb4 7. Qb3 c5 8. cxd5
exd5 9. Bg2 Nc6 10. O-O cxd4 11. Na2 Bc5 12. Bg5 O-O 13. Qc2 Ba7 14. b4 h6 15.
Bf4 Be6 16. b5 Na5 17. Be5 Rc8 18. Qd3 Rc4 19. bxa6 bxa6 20. Bxd4 Bxd4 21. Nxd4
Qb6 22. e3 Rfc8 23. Qa3 Rb8 24. Nc1 Bd7 25. Nd3 Rxa4 26. Qc3 Rxa1 27. Rxa1 Nc6
28. Nc5 Nxd4 29. exd4 Bb5 30. Qa5 Qxa5 31. Rxa5 Bc4 32. Ra1 Rb4 33. Nxa6 Bxa6
34. Rxa6 Rxd4 35. Ra8+ Kh7 36. Bf3 g5 37. h3 Kg6 38. Ra6 Kg7 39. Kf1 Rb4 40.
Rd6 h5 41. Ke2 g4 42. hxg4 hxg4 43. Bg2 d4 44. Ba8 Ne8 45. Rd7 Nf6 46. Rd6 Rc4
47. Bb7 Rc2+ 48. Ke1 Rc7 49. Bc6 Re7+ 50. Kd2 Re6 51. Rxe6 fxe6 52. Kd3 e5 53.
Bb7 Kf7 54. Bc8 Ke7 55. Bf5 Kd6 56. Kc4 Kc6 57. Be6 Kc7 58. Bf5 Kd6 59. Bg6 Ke6
60. Bc2 Ne8 61. Kc5 Nf6 62. Kc4 Kd6 63. Bf5 Kc6 1/2-1/2

[Event "2. Bundesliga West 2004/2005"]
[Site "Schwaz"]
[Date "2004.10.17"]
[Round "2.1"]
[White "Bezold, Michael"]
[Black "Jacob, Volker"]
[Result "1-0"]
[WhiteElo "2532"]
[BlackElo "2280"]
[PlyCount "159"]
[EventDate "2004.10.16"]

1. c4 g6 2. g3 Bg7 3. Bg2 d6 4. Nc3 e5 5. e4 Nc6 6. Nge2 Nge7 7. d3 Be6 8. Nd5
Bxd5 9. cxd5 Nd4 10. Nxd4 exd4 11. h4 c6 12. dxc6 Nxc6 13. h5 Qa5+ 14. Ke2 Ne5
15. hxg6 hxg6 16. Rxh8+ Bxh8 17. Qb3 Qa6 18. Bd2 Nd7 19. Rh1 Bg7 20. Rh7 Nc5
21. Qc2 Bf6 22. b4 Ne6 23. Qb3 Kf8 24. Rh1 Rc8 25. Bh3 Re8 26. Bg2 Kg8 27. Rc1
Qb5 28. Qc4 Qe5 29. Kf1 Qh5 30. Qb3 Kg7 31. Qd1 Qb5 32. Rc4 Nd8 33. f4 Ne6 34.
Be1 Rh8 35. Kg1 Rd8 36. Bf2 Rd7 37. Qg4 Kf8 38. Qd1 Rc7 39. Rxc7 Nxc7 40. Qc2
Ne6 41. Be1 Qd7 42. Bh3 Qc7 43. Qc4 b5 44. Qxc7 Nxc7 45. Bd7 Ke7 46. Bc6 Kd8
47. Kf2 Ke7 48. Kf3 Kd8 49. Bf2 Ke7 50. g4 g5 51. fxg5 Be5 52. Bh4 Kf8 53. g6
fxg6 54. Bd8 Ne6 55. Ba5 Ke7 56. Bxb5 Bf4 57. Ke2 Be3 58. Bc4 Nf4+ 59. Kf3 Kd7
60. b5 g5 61. b6 axb6 62. Bxb6 Ng6 63. a4 Ne5+ 64. Ke2 Kc6 65. Bd8 Kb7 66. Be7
Kc7 67. a5 Nc6 68. Bf6 Nxa5 69. Bd5 Nc6 70. Bxc6 Kxc6 71. Kf3 Kd7 72. Ke2 Ke6
73. Bh8 Kd7 74. Kd1 d5 75. Kc2 Kc6 76. Bf6 dxe4 77. dxe4 Kc5 78. Kd3 Bf4 79.
Bxd4+ Kd6 80. Be3 1-0

[Event "2. Bundesliga West 2004/2005"]
[Site "Schwaz"]
[Date "2004.10.17"]
[Round "2.1"]
[White "Schmitt, Thomas"]
[Black "Gaertner, Guntram"]
[Result "1/2-1/2"]
[WhiteElo "2230"]
[BlackElo "2336"]
[PlyCount "64"]
[EventDate "2004.10.16"]

1. e4 c6 2. d4 d5 3. exd5 cxd5 4. Bd3 Nc6 5. c3 g6 6. Bf4 Bg7 7. Nf3 Nf6 8. O-O
O-O 9. Re1 Nh5 10. Be3 Qc7 11. Qb3 Rd8 12. Nbd2 Na5 13. Qc2 Nc6 14. Rad1 Bg4
15. h3 Bxf3 16. Nxf3 Rac8 17. Qd2 Re8 18. Bh6 Rcd8 19. Bxg7 Kxg7 20. g3 e6 21.
Ne5 Nf6 22. Kg2 Nxe5 23. Rxe5 Nd7 24. Re2 a6 25. Rde1 Nf8 26. h4 h5 27. Qe3 Nh7
28. Qf3 Qe7 29. Qf4 Qd6 30. Qd2 Qe7 31. Qf4 Qd6 32. Qd2 Qe7 1/2-1/2

[Event "2. Bundesliga West 2004/2005"]
[Site "Schwaz"]
[Date "2004.10.17"]
[Round "2.1"]
[White "Grabher, Heinz"]
[Black "Januschke, Markus"]
[Result "1-0"]
[WhiteElo "2271"]
[BlackElo "2220"]
[PlyCount "71"]
[EventDate "2004.10.16"]

1. e4 d6 2. d4 Nf6 3. Nc3 g6 4. f4 Bg7 5. Nf3 O-O 6. Bd3 Bg4 7. Be3 e5 8. h3
Bxf3 9. Qxf3 Nc6 10. Ne2 exd4 11. Nxd4 Nxd4 12. Bxd4 c5 13. Bc3 d5 14. e5 Ne8
15. O-O-O d4 16. Bd2 Rb8 17. h4 Nc7 18. h5 Qd5 19. hxg6 Qxa2 20. gxf7+ Rxf7 21.
Bxh7+ Kf8 22. Qa3 Qd5 23. Bg6 Re7 24. Be1 Re6 25. Qd3 Ra6 26. Be4 Ra1+ 27. Kd2
Rxd1+ 28. Kxd1 Qa2 29. Qa3 Qc4 30. Qh3 Qf7 31. Bg3 Nd5 32. Bxd5 Qxd5 33. Qf5+
Qf7 34. Qxf7+ Kxf7 35. f5 Re8 36. f6 1-0

[Event "2. Bundesliga West 2004/2005"]
[Site "Schwaz"]
[Date "2004.10.17"]
[Round "2.1"]
[White "Egartner, Wolfgang"]
[Black "Feistenauer, Fred"]
[Result "1/2-1/2"]
[WhiteElo "2128"]
[BlackElo "2284"]
[PlyCount "123"]
[EventDate "2004.10.16"]

1. d4 Nf6 2. Nf3 e6 3. c4 Nc6 4. g3 Bb4+ 5. Bd2 Qe7 6. a3 Bxd2+ 7. Nbxd2 d6 8.
Bg2 e5 9. d5 Nb8 10. e4 a5 11. b4 O-O 12. O-O Na6 13. h3 Bd7 14. Qb1 Nh5 15.
Nh4 g6 16. bxa5 Ra7 17. Nb3 Ba4 18. Nc1 Nc5 19. Nd3 Nxd3 20. Qxd3 Rxa5 21. Bf3
Ng7 22. Kh2 Bd7 23. Ng2 b6 24. g4 Raa8 25. Ne3 Qg5 26. Rg1 Kh8 27. Rg3 Rg8 28.
Kg2 Qe7 29. h4 h6 30. Rh1 Raf8 31. Kf1 Kh7 32. h5 g5 33. Kg2 Ra8 34. Ra1 Ra5
35. Qc3 Rga8 36. Be2 Ne8 37. Bd3 Nf6 38. Bc2 Qd8 39. Nf5 Bxf5 40. exf5 Kg7 41.
Kh3 Kf8 42. Re3 Kg7 43. Be4 Nd7 44. f3 Nc5 45. Bb1 f6 46. Bc2 Qc8 47. Bd1 Qa6
48. Be2 Ra4 49. Bf1 Kf7 50. Be2 Ke7 51. Qb2 Qa5 52. Rc3 Qa6 53. Re1 Ke8 54. Bf1
Qa5 55. Be2 Nb7 56. Rb3 Qc5 57. Rb5 Qe3 58. Rb3 Qc5 59. Rb5 Qf2 60. Rf1 Qe3 61.
Rb3 Qc5 62. Ra1 1/2-1/2

[Event "2. Bundesliga West 2004/2005"]
[Site "Schwaz"]
[Date "2004.10.17"]
[Round "2.1"]
[White "Atlas, Dmitry"]
[Black "Jenul, Reinhold"]
[Result "1-0"]
[WhiteElo "2286"]
[BlackElo "2119"]
[PlyCount "113"]
[EventDate "2004.10.16"]

1. e4 c5 2. c3 d5 3. exd5 Qxd5 4. d4 e6 5. Nf3 Nf6 6. Bd3 Nc6 7. O-O cxd4 8.
cxd4 h6 9. Nc3 Qd8 10. Be3 Be7 11. Ne5 Bd7 12. Qd2 a6 13. a3 Qc7 14. Rac1 Bd6
15. f4 Rd8 16. Qe2 Qb8 17. b4 Ne7 18. Qf3 Ned5 19. Nxd5 Nxd5 20. Bf2 Nf6 21. g4
Ba4 22. Bc4 Bxe5 23. dxe5 Bc6 24. Qe2 Ne4 25. Be3 b5 26. Bxe6 Qb7 27. Qc2 fxe6
28. Qxc6+ Qxc6 29. Rxc6 O-O 30. Rxe6 Rd3 31. Re1 Rc8 32. Rxa6 Rcc3 33. e6 Rxe3
34. Rxe3 Rxe3 35. Ra8+ Kh7 36. e7 Nf6 37. g5 hxg5 38. fxg5 Rxe7 39. gxf6 gxf6
40. Kf2 Rc7 41. Ke3 Kg6 42. Ra5 Rc3+ 43. Kd4 Rc4+ 44. Kd3 Rh4 45. Rxb5 Rh3+ 46.
Ke4 Rxa3 47. h4 Rh3 48. h5+ Kf7 49. Kf4 Rh4+ 50. Kg3 Rc4 51. Rb7+ Ke6 52. h6
Rc1 53. h7 Rh1 54. b5 f5 55. b6 Ke5 56. Re7+ Kf6 57. b7 1-0

[Event "2. Bundesliga West 2004/2005"]
[Site "Schwaz"]
[Date "2004.10.17"]
[Round "2.2"]
[White "Heinzel, Olaf"]
[Black "Ginsburg, Gennadij"]
[Result "0-1"]
[WhiteElo "2402"]
[BlackElo "2519"]
[PlyCount "74"]
[EventDate "2004.10.16"]

1. d4 Nf6 2. Nf3 g6 3. g3 Bg7 4. Bg2 O-O 5. O-O d6 6. c4 Nc6 7. Nc3 Bf5 8. b3
Ne4 9. Bb2 Nxc3 10. Bxc3 Be4 11. Qd2 d5 12. Rfd1 e6 13. Rac1 a5 14. Ne5 Nxe5
15. dxe5 Bxg2 16. Kxg2 dxc4 17. Qf4 Qe7 18. Qxc4 Rfd8 19. Rxd8+ Qxd8 20. e4 Qd7
21. Rc2 b5 22. Qe2 Bf8 23. h4 c5 24. h5 a4 25. hxg6 hxg6 26. Rd2 Qc6 27. Bb2
Rc8 28. bxa4 b4 29. a3 Qxa4 30. axb4 cxb4 31. f4 b3 32. Qe3 Rc2 33. Rxc2 bxc2
34. Kf3 Qc4 35. Bc1 Qf1+ 36. Kg4 Qd1+ 37. Kh3 Qh1+ 0-1

[Event "2. Bundesliga West 2004/2005"]
[Site "Schwaz"]
[Date "2004.10.17"]
[Round "2.2"]
[White "Hugentobler, Patrik"]
[Black "Bayer, Bernhard"]
[Result "1/2-1/2"]
[WhiteElo "2237"]
[BlackElo "2300"]
[PlyCount "88"]
[EventDate "2004.10.16"]

1. e4 e5 2. Nf3 Nc6 3. Bb5 a6 4. Bxc6 dxc6 5. O-O f6 6. d4 exd4 7. Nxd4 c5 8.
Ne2 Qxd1 9. Rxd1 Bd6 10. Bf4 Bxf4 11. Nxf4 Ne7 12. Nc3 Bd7 13. Ncd5 Nxd5 14.
Nxd5 O-O-O 15. Rd2 Rhe8 16. f3 f5 17. exf5 Bxf5 18. Rad1 Rd6 19. Kf2 b5 20. Ne3
Rxd2+ 21. Rxd2 Be6 22. a3 Kb7 23. f4 Kc6 24. g4 b4 25. f5 Bf7 26. Kf3 a5 27.
Kf4 g5+ 28. fxg6 Bxg6 29. Nf5 Re1 30. Kg5 Kb5 31. axb4 cxb4 32. b3 a4 33. bxa4+
Kxa4 34. h4 c5 35. h5 Be8 36. Kh6 Rg1 37. Rd8 Bc6 38. Rc8 Be4 39. Rxc5 Rxg4 40.
Nd6 Bg6 41. Rc6 b3 42. cxb3+ Kxb3 43. hxg6 Rxg6+ 44. Kxh7 Rg1 1/2-1/2

[Event "2. Bundesliga West 2004/2005"]
[Site "Schwaz"]
[Date "2004.10.17"]
[Round "2.2"]
[White "Fuchs, Georg"]
[Black "Doskocil, Klaus"]
[Result "1/2-1/2"]
[WhiteElo "2281"]
[BlackElo "2219"]
[PlyCount "20"]
[EventDate "2004.10.16"]

1. e4 c5 2. Nf3 Nc6 3. Nc3 e6 4. Be2 Nf6 5. O-O d5 6. exd5 Nxd5 7. d4 Be7 8.
Ne4 cxd4 9. Nxd4 Bd7 10. c4 Nf6 1/2-1/2

[Event "2. Bundesliga West 2004/2005"]
[Site "Schwaz"]
[Date "2004.10.17"]
[Round "2.2"]
[White "Bezler, Rainer"]
[Black "Angerer, Helmut"]
[Result "0-1"]
[WhiteElo "2242"]
[BlackElo "2195"]
[PlyCount "67"]
[EventDate "2004.10.16"]

1. e4 b6 2. Nc3 Bb7 3. Bc4 e6 4. Qe2 Ne7 5. Nf3 g6 6. d3 Bg7 7. h4 h6 8. Bb3
Nbc6 9. Bd2 d6 10. O-O-O a6 11. Kb1 Na5 12. h5 g5 13. Nxg5 Nxb3 14. cxb3 hxg5
15. Bxg5 Qd7 16. Qg4 O-O-O 17. Bxe7 Qxe7 18. Qxg7 Rdg8 19. Qd4 c5 20. Qe3 Rxg2
21. Ne2 Qf6 22. Rdf1 Rhg8 23. Rfg1 d5 24. Rxg2 Rxg2 25. h6 Rxf2 26. h7 Rf1+ 27.
Rxf1 Qxf1+ 28. Qc1 Qh3 29. b4 c4 30. dxc4 d4 31. Nxd4 Bxe4+ 32. Ka1 Bxh7 33. c5
b5 34. a3 0-1

[Event "2. Bundesliga West 2004/2005"]
[Site "Schwaz"]
[Date "2004.10.17"]
[Round "2.3"]
[White "Luther, Thomas"]
[Black "Astl, Peter"]
[Result "1-0"]
[WhiteElo "2533"]
[BlackElo "2233"]
[PlyCount "79"]
[EventDate "2004.10.16"]

1. e4 c6 2. d4 d5 3. Nd2 g6 4. Ngf3 Bg7 5. Bd3 Nh6 6. O-O O-O 7. Re1 dxe4 8.
Nxe4 Nf5 9. c3 Qc7 10. Bg5 h6 11. Bd2 Nd7 12. Ng3 Nf6 13. Qc2 Nd6 14. c4 e6 15.
Rad1 Rd8 16. Qc1 Kh7 17. Ne5 Nf5 18. Nxf5 gxf5 19. Bf4 Qe7 20. Ng4 Qf8 21.
Nxf6+ Bxf6 22. Re3 Bg7 23. Rh3 f6 24. Bc2 e5 25. Be3 Kg8 26. Bxh6 f4 27. Bxg7
Qxg7 28. Rh7 Qg5 29. h4 Qg4 30. f3 Qg3 31. Rh6 Kf7 32. dxe5 Rg8 33. Qd2 Bh3 34.
e6+ Bxe6 35. Rh7+ Rg7 36. Rxg7+ Kxg7 37. h5 Bf7 38. Qd7 Re8 39. Be4 Kf8 40.
Qd6+ 1-0

[Event "2. Bundesliga West 2004/2005"]
[Site "Schwaz"]
[Date "2004.10.17"]
[Round "2.3"]
[White "Eybl, Alexander"]
[Black "Duer, Werner"]
[Result "1/2-1/2"]
[WhiteElo "2259"]
[BlackElo "2264"]
[PlyCount "45"]
[EventDate "2004.10.16"]

1. e4 c6 2. d4 d5 3. Nd2 dxe4 4. Nxe4 Bf5 5. Ng3 Bg6 6. N1e2 e6 7. Nf4 Bd6 8.
h4 Qc7 9. Nxg6 hxg6 10. Ne4 Bf4 11. Rh3 Nd7 12. Bd3 Ndf6 13. Ng5 Ne7 14. c3 Rd8
15. Qf3 Ned5 16. g3 Bxc1 17. Rxc1 O-O 18. Kf1 e5 19. dxe5 Qxe5 20. Re1 Qd6 21.
Bc2 Qd7 22. Kg2 Qg4 23. Rhh1 1/2-1/2

[Event "2. Bundesliga West 2004/2005"]
[Site "Schwaz"]
[Date "2004.10.17"]
[Round "2.3"]
[White "Lawitsch, Guenther"]
[Black "Neuschmied, S."]
[Result "1-0"]
[WhiteElo "2230"]
[BlackElo "2218"]
[PlyCount "54"]
[EventDate "2004.10.16"]

1. d4 g6 2. Nc3 d6 3. e4 Nf6 4. Nf3 Bg7 5. Be2 O-O 6. O-O c6 7. a4 Nbd7 8. a5
e5 9. dxe5 dxe5 10. Qd6 Ne8 11. Qb4 Bf6 12. Rd1 Ng7 13. a6 bxa6 14. Bxa6 Qb6
15. Qc4 Nb8 16. Bxc8 Rxc8 17. Nd5 Qd8 18. Nxf6+ Qxf6 19. Qc5 Re8 20. h3 Ne6 21.
Qxe5 Qxe5 22. Nxe5 Nc5 23. Nc4 Nba6 24. f3 Nb4 25. Be3 Nxe4 26. fxe4 Rxe4 27.
Rd4 Ree8 1-0

[Event "2. Bundesliga West 2004/2005"]
[Site "Schwaz"]
[Date "2004.10.17"]
[Round "2.3"]
[White "Mittelberger, Peter"]
[Black "Jannasch, Franz"]
[Result "1/2-1/2"]
[WhiteElo "2257"]
[BlackElo "2180"]
[PlyCount "106"]
[EventDate "2004.10.16"]

1. e4 Nf6 2. e5 Nd5 3. d4 d6 4. Nf3 Bg4 5. Be2 Nc6 6. exd6 cxd6 7. O-O g6 8. h3
Bd7 9. c4 Nc7 10. d5 Ne5 11. Nd4 f5 12. f4 Nf7 13. Nc3 Bg7 14. Be3 O-O 15. Qd2
Re8 16. Rad1 e5 17. dxe6 Nxe6 18. Nxe6 Rxe6 19. Bf3 Bc6 20. Bd4 Bxf3 21. Rxf3
Bxd4+ 22. Qxd4 Rc8 23. Qxa7 Rxc4 24. Qxb7 Rc5 25. Rfd3 Qh4 26. Qf3 Rc4 27. Rf1
Re1 28. Rd1 Rxd1 29. Nxd1 Rc2 30. Qd3 Rc1 31. a4 Qd8 32. Qd4 Rc2 33. Rf2 Rc1
34. Kh2 Qb8 35. b4 Qe8 36. b5 Qe1 37. Rd2 g5 38. fxg5 Ne5 39. Qf2 Rxd1 40. Qxe1
Rxe1 41. Rxd6 Rb1 42. Rd5 Nc4 43. Rxf5 Rb4 44. Rf4 Rxa4 45. h4 Kg7 46. h5 Kg8
47. h6 Nb6 48. Rf6 Nd5 49. Rd6 Ne7 50. Rd7 Kf7 51. b6 Rb4 52. g6+ Kxg6 53. Rxe7
Rxb6 1/2-1/2

[Event "2. Bundesliga West 2004/2005"]
[Site "Schwaz"]
[Date "2004.10.17"]
[Round "2.4"]
[White "Schmittdiel, E."]
[Black "Schmidt, Georg"]
[Result "0-1"]
[WhiteElo "2449"]
[BlackElo "2364"]
[PlyCount "86"]
[EventDate "2004.10.16"]

1. Nf3 Nf6 2. g3 b6 3. Bg2 Bb7 4. O-O g6 5. c4 c5 6. b3 Bg7 7. Bb2 O-O 8. e3 d5
9. Qe2 dxc4 10. bxc4 Nbd7 11. d4 cxd4 12. exd4 Rc8 13. Na3 Re8 14. Rfc1 Qc7 15.
Nb5 Qb8 16. a4 Ne4 17. Bh3 Rcd8 18. a5 Nd6 19. axb6 Nxb5 20. cxb5 axb6 21. Ra4
e5 22. Bxd7 Bxf3 23. Qxf3 Rxd7 24. dxe5 Bxe5 25. Bxe5 Qxe5 26. Ra8 Rxa8 27.
Qxa8+ Kg7 28. Qc6 Rd6 29. Qc4 Rd5 30. Rb1 Rd2 31. h4 Qd4 32. Qxd4+ Rxd4 33. Kg2
h5 34. Kf3 Rd5 35. Ke4 Rf5 36. Rb2 Kf6 37. Kd4 Rc5 38. Rb3 Ke6 39. Rb2 Kf5 40.
Rb3 Kg4 41. Ke3 Kh3 42. Kd4 Kg2 43. f4 f5 0-1

[Event "2. Bundesliga West 2004/2005"]
[Site "Schwaz"]
[Date "2004.10.17"]
[Round "2.4"]
[White "Panteleev, Petar"]
[Black "Bromberger, Stefan"]
[Result "0-1"]
[WhiteElo "2295"]
[BlackElo "2440"]
[PlyCount "108"]
[EventDate "2004.10.16"]

1. Nf3 Nf6 2. c4 c6 3. b3 d5 4. Bb2 Bg4 5. g3 Nbd7 6. Bg2 e6 7. O-O Bd6 8. d3
O-O 9. Nbd2 a5 10. Qc2 Qe7 11. Rfe1 Rfd8 12. Bc3 e5 13. h3 Bf5 14. e4 dxe4 15.
dxe4 Bg6 16. Nh4 Bb4 17. Nf1 Nc5 18. Nf5 Qc7 19. Bxb4 axb4 20. Rad1 Rxd1 21.
Rxd1 Rd8 22. Rxd8+ Qxd8 23. N1e3 Bxf5 24. exf5 Qd4 25. Bf3 Kf8 26. Qc1 Ke7 27.
Nc2 Qd3 28. Qe3 Qxe3 29. fxe3 Nd3 30. Kf1 Kd6 31. Be2 Nc1 32. Nxb4 Kc5 33. Nd3+
Nxd3 34. Bxd3 Kb4 35. Ke2 Kc3 36. c5 Nd7 37. Bc4 f6 38. Bg8 h6 39. Kf3 Nxc5 40.
Be6 e4+ 41. Kf4 Kb4 42. Kg4 Nd3 43. Kh5 Ne5 44. a4 b5 45. axb5 cxb5 46. Bd5 Kc3
47. Bxe4 Kxb3 48. g4 Kc3 49. h4 Kd2 50. g5 hxg5 51. hxg5 Kxe3 52. gxf6 gxf6 53.
Bb1 Kf4 54. Kh6 Nf3 0-1

[Event "2. Bundesliga West 2004/2005"]
[Site "Schwaz"]
[Date "2004.10.17"]
[Round "2.4"]
[White "Duer, Arne"]
[Black "Opl, Klaus"]
[Result "1-0"]
[WhiteElo "2386"]
[BlackElo "2305"]
[PlyCount "69"]
[EventDate "2004.10.16"]

1. Nf3 Nf6 2. c4 g6 3. Nc3 Bg7 4. e4 d6 5. d4 O-O 6. Be2 e5 7. Be3 Nbd7 8. O-O
h6 9. h3 c6 10. Qc2 Nh7 11. Rad1 Qe7 12. b4 f5 13. c5 dxc5 14. dxc5 f4 15. Bc1
g5 16. Rd6 Ndf6 17. Bb2 Ne8 18. Bc4+ Kh8 19. Rg6 Rf6 20. Rxf6 Bxf6 21. Ne2 Nf8
22. Qb3 Kg7 23. Ned4 g4 24. hxg4 exd4 25. e5 Bg5 26. Nxd4 Bxg4 27. f3 Bc8 28.
e6 Kh7 29. Nf5 Bxe6 30. Qc2 Ng6 31. Re1 Nc7 32. Nd6 Bd5 33. Qf5 Rd8 34. Nf7 Rf8
35. Nxg5+ 1-0

[Event "2. Bundesliga West 2004/2005"]
[Site "Schwaz"]
[Date "2004.10.17"]
[Round "2.4"]
[White "Peterwagner, Heinz"]
[Black "Pilz, Dieter"]
[Result "1/2-1/2"]
[WhiteElo "2214"]
[BlackElo "2303"]
[PlyCount "33"]
[EventDate "2004.10.16"]

1. e4 e5 2. Nf3 Nc6 3. Bb5 Nf6 4. Qe2 d6 5. h3 Be7 6. d4 exd4 7. Nxd4 Bd7 8.
Bxc6 bxc6 9. e5 dxe5 10. Qxe5 O-O 11. O-O Re8 12. Nc3 h6 13. Qf4 Bd6 14. Qf3 c5
15. Nf5 Bxf5 16. Qxf5 Rb8 17. Rb1 1/2-1/2

[Event "2. Bundesliga West 2004/2005"]
[Site "Schwaz"]
[Date "2004.10.17"]
[Round "2.4"]
[White "Ferrari, Josef"]
[Black "Mroz, Thomas"]
[Result "0-1"]
[WhiteElo "2220"]
[BlackElo "2105"]
[PlyCount "120"]
[EventDate "2004.10.16"]

1. c4 e6 2. g3 Nf6 3. Bg2 d5 4. d4 dxc4 5. Nf3 Nc6 6. Qa4 Nd7 7. Qxc4 Nb6 8.
Qd3 e5 9. O-O exd4 10. Rd1 Be7 11. Nxd4 Nxd4 12. Qxd4 Qxd4 13. Rxd4 O-O 14. Nc3
c6 15. b3 Bf6 16. Rd3 Bg4 17. f3 Rfd8 18. fxg4 Rxd3 19. exd3 Bxc3 20. Rb1 Rd8
21. Be4 Nd5 22. Kg2 Nb4 23. Be3 Bd4 24. Kf3 Bb6 25. Bxb6 axb6 26. Ke3 Nxa2 27.
Ra1 Nc3 28. Ra7 Nxe4 29. Kxe4 Rb8 30. Kd4 Kf8 31. Kc4 Ke7 32. b4 Kd6 33. b5 Kc7
34. Ra2 Re8 35. bxc6 Kxc6 36. Rb2 Re1 37. g5 b5+ 38. Kd4 Re6 39. Rc2+ Kd6 40.
Rb2 Kc6 41. Rc2+ Kd6 42. Rc5 b4 43. Rb5 Kc6 44. Kc4 b3 45. Rxb3 Re2 46. d4 Rc2+
47. Kd3 Rxh2 48. Ke3 Rg2 49. Kf3 Rd2 50. Ke3 Rd1 51. g4 Re1+ 52. Kf4 Re7 53.
Rh3 b5 54. Rb3 Re1 55. Rb4 Kb6 56. Rb2 Re7 57. Rb1 Kc6 58. d5+ Kc5 59. d6 Re6
60. d7 Rd6 0-1

[Event "2. Bundesliga West 2004/2005"]
[Site "Schwaz"]
[Date "2004.10.17"]
[Round "2.4"]
[White "Hamberger, Hermann"]
[Black "Gerhold, Michael"]
[Result "0-1"]
[WhiteElo "2162"]
[BlackElo "2203"]
[PlyCount "116"]
[EventDate "2004.10.16"]

1. e4 c5 2. Nf3 Nc6 3. d4 cxd4 4. Nxd4 Nf6 5. Nc3 e5 6. Ndb5 d6 7. Bg5 a6 8.
Bxf6 gxf6 9. Na3 b5 10. Nd5 f5 11. Bxb5 axb5 12. Nxb5 Ra7 13. Nxa7 Nxa7 14. c3
Nb5 15. a4 Nc7 16. a5 Be7 17. Qa4+ Bd7 18. Qc4 Nxd5 19. Qxd5 Qc8 20. a6 Bc6 21.
Qc4 O-O 22. a7 Qd7 23. O-O Bxe4 24. b4 Ra8 25. Qa6 Bb7 26. Qa4 Bc6 27. Qa6 Bb5
28. Qb6 Bxf1 29. Kxf1 Kg7 30. b5 Qc8 31. Qa6 Qc4+ 32. Kg1 Bd8 33. h3 Qxc3 34.
Rd1 Qc5 35. Qxd6 Bb6 36. Qd2 f4 37. Qe2 Bxa7 38. Qf3 Rb8 39. Rd5 Qc1+ 40. Kh2
Bd4 41. Qg4+ Kh8 42. Qf5 Qc8 43. Rd7 Rb6 44. Qxf7 Qg8 45. Qe7 Re6 46. Qh4 Qg6
47. Rd8+ Re8 48. Rxe8+ Qxe8 49. Qf6+ Kg8 50. Qg5+ Qg6 51. Qd8+ Kf7 52. Qd7+ Kf6
53. Qd6+ Kf5 54. Qd7+ Ke4 55. Qb7+ Kd3 56. Qf3+ Kd2 57. Qd5 Qd3 58. Qb3 Qxb3
0-1

[Event "2. Bundesliga West 2004/2005"]
[Site "Schwaz"]
[Date "2004.10.17"]
[Round "2.5"]
[White "Ivanov, Mikhail"]
[Black "Medvegy, Zoltan"]
[Result "1/2-1/2"]
[WhiteElo "2463"]
[BlackElo "2456"]
[PlyCount "44"]
[EventDate "2004.10.16"]

1. Nf3 c5 2. c4 Nc6 3. Nc3 e5 4. g3 g6 5. Bg2 Bg7 6. O-O d6 7. a3 a5 8. Ne1 Be6
9. d3 Nge7 10. Bg5 f6 11. Be3 b6 12. Qa4 Rc8 13. b4 O-O 14. bxc5 dxc5 15. Rb1
Nd4 16. Bd2 Bd7 17. Qd1 Bc6 18. Bh3 f5 19. Bg5 Bf6 20. Bh6 Bg7 21. Bg5 Bf6 22.
Bh6 Bg7 1/2-1/2

[Event "2. Bundesliga West 2004/2005"]
[Site "Schwaz"]
[Date "2004.10.17"]
[Round "2.5"]
[White "Bensch, Patrick"]
[Black "Karpatchev, Aleksandr"]
[Result "0-1"]
[WhiteElo "2295"]
[BlackElo "2484"]
[PlyCount "74"]
[EventDate "2004.10.16"]

1. e4 e5 2. Nf3 Nf6 3. Nxe5 d6 4. Nf3 Nxe4 5. d4 d5 6. Bd3 Bd6 7. O-O O-O 8. c4
c6 9. Qc2 Na6 10. a3 Bg4 11. Ne5 Bxe5 12. dxe5 Nec5 13. f3 Nxd3 14. Qxd3 Nc5
15. Qd4 Nb3 16. Qxg4 Nxa1 17. Bh6 g6 18. Nc3 Nc2 19. Bxf8 Qxf8 20. cxd5 Qc5+
21. Rf2 cxd5 22. Qd7 Qe3 23. Nxd5 Qe1+ 24. Rf1 Qxe5 25. f4 Qd4+ 26. Kh1 Qc4 27.
Kg1 Nd4 28. Re1 Ne2+ 29. Kf2 Nxf4 30. Re8+ Kg7 31. Rxa8 Qd4+ 32. Ke1 Qe4+ 33.
Kf2 Qxg2+ 34. Ke3 Nxd5+ 35. Kd3 Qf3+ 36. Kc2 Qe4+ 37. Kb3 Qd3+ 0-1